Theme-based vocabulary 1
This series of two books features a total of thirty essential themes related to areas of interes that are central to everyday life. It is vital that students understand and are able to apply the vocabulary related to these themes.
Αποθηκεύτηκε σε:
| Κύριος συγγραφέας: | |
|---|---|
| Μορφή: | Βιβλίο |
| Γλώσσα: | Undetermined |
| Έκδοση: |
Singapore
Learners Publishing Pte Ltd
2007
|
| Θέματα: | |
| Ετικέτες: |
Προσθήκη ετικέτας
Δεν υπάρχουν, Καταχωρήστε ετικέτα πρώτοι!
|
| Thư viện lưu trữ: | Trung tâm Học liệu Trường Đại học Cần Thơ |
|---|
| LEADER | 00818nam a2200205Ia 4500 | ||
|---|---|---|---|
| 001 | CTU_134259 | ||
| 008 | 210402s9999 xx 000 0 und d | ||
| 020 | |c 140000 | ||
| 082 | |a 428.2 | ||
| 082 | |b K59/Book1 | ||
| 100 | |a Kirkpatrick, Betty | ||
| 245 | 0 | |a Theme-based vocabulary 1 | |
| 245 | 0 | |c Betty Kirkpatrick | |
| 260 | |a Singapore | ||
| 260 | |b Learners Publishing Pte Ltd | ||
| 260 | |c 2007 | ||
| 520 | |a This series of two books features a total of thirty essential themes related to areas of interes that are central to everyday life. It is vital that students understand and are able to apply the vocabulary related to these themes. | ||
| 650 | |a English language- Vocabularies,Từ vựng tiếng Anh | ||
| 904 | |i Nguyễn Kim Chung | ||
| 980 | |a Trung tâm Học liệu Trường Đại học Cần Thơ | ||